| 000 | 01356nam1a2200325 i 4500 | ||
|---|---|---|---|
| 001 | RU\NLR\bibl\1965848 | ||
| 005 | 20260407080131.0 | ||
| 035 | _a(NLR Aleph) 001954778 | ||
| 090 |
_a3744300 _c3744300 |
||
| 100 | _a20121112g20119999k y0rusy50 ca | ||
| 101 | 1 |
_arus _cund |
|
| 102 | _aRU | ||
| 105 | _a||||z ||||| | ||
| 200 | 1 |
_aДокументы ЕС по техническому регулированию в сфере строительства _f[под ред. С.В. Пугачева и В.И. Тимашкова] |
|
| 210 |
_aМосква _c[б.и.] _d2011 |
||
| 215 | _d24 | ||
| 225 | 1 | _aБиблиотека НОСТРОЙ | |
| 300 | _aВ надзаг.: НОСТРОЙ | ||
| 463 | 0 | _10011856266 | |
| 463 | 0 | _10011957145 | |
| 606 | 1 |
_aСтроительная промышленность _xКачество продукции _xУправление _91770945 _3RU\NLR\auth\661089943 |
|
| 686 | _aУ31(2)-823.2-21 | ||
| 686 | _aХ621.175 | ||
| 702 | 1 |
_4340 _8rus _7ca _aПугачев _bС. В. _cканд. экон. наук, стандартизация _f1961- _gСергей Васильевич _3RU\NLR\auth\77123098 _9106023 |
|
| 712 | 0 | 2 |
_4570 _aЕвропейский союз _3RU\NLR\AUTH\884706 _9280954 |
| 801 | 0 |
_aRU _bNLR _c20121112 _gRCR |
|
| 801 | 1 |
_aRU _bNLR _c20121112 |
|
| 852 |
_aNLR _j2012-7/89 |
||
| 942 | _cBOOK | ||